Tribunal de Contas do Estado do Ceará : (Record no. 1432)

MARC details
000 -LÍDER
Campo Fixo de Controle 00619nam a2200193 a 4500
001 - NÚMERO DE CONTROLE
Campo de Controle 1432
003 - IDENTIFICAÇÃO DO NÚMERO DE CONTROLE
Campo de Controle BR-CuiBMT
005 - DATA E HORA DA ÚLTIMA ATUALIZAÇÃO
Campo de Controle 20231209124448.0
008 - DADOS FIXOS
Dados Fixos 231209s2019 ceb 00| 0 por d
040 ## - AGÊNCIA CATALOGADORA
Código da Agência Catalogadora BR-CuiBMT
Agência que transcreveu o registro BR-CuiBMT
080 ## - Nº DA CLASSIFICAÇÃO DECIMAL UNIVERSAL
Nº edição CDU 2007
Nº Class. CDU 347.991
Subd. Auxiliar Comum (813.1)
090 ## - NÚMERO DE CHAMADA
Nº classificação 347.991(813.1)
Cutter T822t
110 1# - ENTRADA PRINCIPAL -- ENTIDADE
Nome da entidade ou lugar Tribunal de Contas do Ceará
245 10 - TÍTULO PRINCIPAL
Título principal Tribunal de Contas do Estado do Ceará :
Subtítulo presidente Edilberto Carlos Pontes Lima - 2016/2019 /
Indicação de responsabilidade Tribunal de Contas do Ceará.
260 ## - PUBLICAÇÃO, DISTRIBUIÇÃO, ETC.
Local de publicação Fortaleza :
Editora TCE-CE,
Data 2019.
300 ## - DESCRIÇÃO FÍSICA
N. páginas ou volumes 127 p. ;
Dimensões 28 cm
650 ## - ASSUNTO TÓPICO
Cabeçalho tópico ou nome geográfico Tribunal de Contas
Subdivisão geográfica Ceará
942 ## - ELEMENTOS DE ENTRADA ADICIONAIS (KOHA)
Fonte de classificação ou esquema de arquivamento Classificação Decimal Universal
Tipo de item do Koha Livros
Holdings
Estado: removido Estado: perdido Fonte de classificação ou esquema de arquivamento Estado: danificado Indisponível para empréstimo Localização permanente Localização atual Data de aquisição Total Checkouts Número de Chamada completo Código de barras Date last seen Número do exemplar Preço efetivo a partir de Tipo de item (Koha)
    Classificação Decimal Universal     Biblioteca da Escola Superior de Contas do TCE/MT Biblioteca da Escola Superior de Contas do TCE/MT 09/12/2023   347.991(813.1) T822t BIBTCEMT23120322 09/12/2023 Ex. 1 09/12/2023 Livros

Powered by Koha